Tractado de principios de música práctica y teórica sin dejar ninguna cosa atrás / (Record no. 60612)

MARC details
000 -LEADER
campo de control de longitud fija 00674nam a2200205 i 4500
001 - NÚMERO DE CONTROL
campo de control 60612
003 - IDENTIFICADOR DE NÚMERO DE CONTROL
campo de control ES-MaACL
005 - FECHA Y HORA DE LA ÚLTIMA TRANSACCIÓN
campo de control 20230906164254.0
007 - CAMPO FIJO DE DESCRIPCIÓN FÍSICA--INFORMACIÓN GENERAL
campo de control de longitud fija t|
008 - DATOS DE LONGITUD FIJA--INFORMACIÓN GENERAL
campo de control de longitud fija 031105s1978 sp ||||1| spa d
100 1# - ENTRADA PRINCIPAL--NOMBRE DE PERSONA
Nombre de persona Espinosa, Juan de.
9 (RLIN) 47888
245 10 - MENCIÓN DEL TÍTULO
Título Tractado de principios de música práctica y teórica sin dejar ninguna cosa atrás /
Mención de responsabilidad, etc. compuesto por Joannes de Spinosa.
260 ## - PUBLICACIÓN, DISTRIBUCIÓN, ETC.
Lugar de publicación, distribución, etc. Madrid :
Nombre del editor, distribuidor, etc. Joyas Bibliográficas,
Fecha de publicación, distribución, etc. 1978.
300 ## - DESCRIPCIÓN FÍSICA
Extensión 36 h. ;
Dimensiones 24 cm.
490 1# - MENCIÓN DE SERIE
Mención de serie Viejos libros de música
500 ## - NOTA GENERAL
Nota general Toledo, Guillem de Brocar, 1520.
830 0# - PUNTO DE ACCESO ADICIONAL DE SERIE-TÍTULO UNIFORME
Título uniforme Viejos libros de música
9 (RLIN) 182867
852 ## - LOCALIZACIÓN
Ubicación ES-MaACL
Número de control de estantería A-9009
Sublocalización o colección R.98170
Holdings
Estatus retirado Estado de pérdida Estado de daño No para préstamo Biblioteca de origen Biblioteca actual Ubicación en estantería Fecha de adquisición Fuente de adquisición Total de préstamos Signatura topográfica completa Código de barras Visto por última vez Precio de reemplazo Tipo de ítem Koha
        Biblioteca del Ateneo de Madrid Biblioteca del Ateneo de Madrid Depósito 1 17/01/2008     A-9009 1063569 23/02/2023 23/02/2023 Libro impreso